[Event "MMPONNR"]
[Site "Ogrodniczki k. Bialegostoku"]
[Date "2008.07.22"]
[Round "7.11"]
[White "Koszela, Stanislaw"]
[Black "Wajda, Mariusz"]
[Result "1-0"]
[WhiteElo "1937"]
[BlackElo "1927"]
[PlyCount "57"]
[EventDate "2008.??.??"]

1. Nf3 d5 2. g3 c5 3. Bg2 Nc6 4. d4 Bg4 5. dxc5 Qa5+ 6. c3 Qxc5 7. O-O Nf6 8.
Qa4 b5 9. Qf4 e5 10. Nxe5 Bd6 11. Be3 Bxe5 12. Qxe5+ Nxe5 13. Bxc5 Kd7 14. Nd2
Bxe2 15. Rfe1 Nd3 16. Rxe2 Nxc5 17. Nf3 Kd6 18. Nd4 Rhe8 19. Rae1 a6 20. Nf5+
Kc7 21. Nxg7 Rxe2 22. Rxe2 h5 23. h4 Rg8 24. Nf5 Ne6 25. Rd2 Nc5 26. Ne3 Kd6
27. Kf1 a5 28. Re2 Ncd7 29. Nf5+ 1-0

[Event "MMPONNR"]
[Site "Ogrodniczki k. Bialegostoku"]
[Date "2008.07.22"]
[Round "7.13"]
[White "Koper, Ireneusz"]
[Black "Korycki, Jozef"]
[Result "1-0"]
[WhiteElo "2025"]
[BlackElo "1688"]
[PlyCount "57"]
[EventDate "2008.??.??"]

1. e4 e5 2. f4 d6 3. Bc4 Nf6 4. Nc3 c6 5. Nf3 Be7 6. d3 O-O 7. fxe5 dxe5 8.
Nxe5 Bd6 9. Nf3 Bg4 10. O-O Qc7 11. h3 Bh5 12. Be3 Nbd7 13. g4 Bg6 14. Qd2 Ne5
15. Nxe5 Bxe5 16. Rf3 b5 17. Bb3 b4 18. Na4 Rfd8 19. Qf2 h6 20. Bf4 Bxf4 21.
Rxf4 Qe5 22. Rf1 a5 23. Kg2 h5 24. Qc5 Qxc5 25. Nxc5 hxg4 26. hxg4 Re8 27. g5
Nh5 28. Bxf7+ Bxf7 29. Rxf7 1-0

[Event "MMPONNR"]
[Site "Ogrodniczki k. Bialegostoku"]
[Date "2008.07.22"]
[Round "7.15"]
[White "Sarnowski, Ryszard"]
[Black "Muller, Marcin"]
[Result "0-1"]
[WhiteElo "1534"]
[BlackElo "1735"]
[PlyCount "46"]
[EventDate "2008.??.??"]

1. d4 e6 2. c4 c6 3. a3 Nf6 4. Nc3 d5 5. cxd5 cxd5 6. Bg5 Be7 7. Qa4+ Bd7 8.
Qb3 Bc6 9. Nf3 Nbd7 10. e3 Ne4 11. Bxe7 Qxe7 12. Nd2 f5 13. g3 Nxd2 14. Kxd2
O-O 15. Bb5 Rac8 16. Bxc6 bxc6 17. Qa4 a5 18. Na2 Nb6 19. Qb3 Rb8 20. Nc3 Nc4+
21. Kc2 Rxb3 22. Kxb3 Qb7+ 23. Kc2 Qxb2+ 0-1

[Event "MMPONNR"]
[Site "Ogrodniczki k. Bialegostoku"]
[Date "2008.07.23"]
[Round "8.2"]
[White "Jaworski, Miroslaw"]
[Black "Jurkiewicz, Krzysztof"]
[Result "1-0"]
[WhiteElo "2374"]
[BlackElo "2188"]
[PlyCount "67"]
[EventDate "2008.??.??"]

1. d4 Nf6 2. c4 g6 3. Nf3 Bg7 4. g3 O-O 5. Nc3 d6 6. Bg2 Nc6 7. O-O a6 8. Re1
Rb8 9. Rb1 Bg4 10. d5 Bxf3 11. exf3 Na5 12. Bf1 c5 13. a3 Qc7 14. Bd2 Rfe8 15.
Qa4 Nd7 16. f4 b6 17. Qc2 e5 18. f5 Nf6 19. b3 gxf5 20. Qxf5 Qd7 21. Qxd7 Nxd7
22. Bh3 Rb7 23. Ne4 Rc7 24. Nxd6 Rb8 25. Bc3 Kf8 26. f4 Nb7 27. Nf5 Bh8 28.
fxe5 Re8 29. d6 Rcc8 30. Ne7 Rcd8 31. Nc6 Nxd6 32. Nxd8 Rxd8 33. Bxd7 Rxd7 34.
Rbd1 1-0

[Event "MMPONNR"]
[Site "Ogrodniczki k. Bialegostoku"]
[Date "2008.07.23"]
[Round "8.3"]
[White "Bieluczyk, Bogdan"]
[Black "Gurbanov, Andrei"]
[Result "0-1"]
[WhiteElo "2233"]
[BlackElo "2181"]
[PlyCount "142"]
[EventDate "2008.??.??"]

1. e4 e5 2. Nf3 Nc6 3. Bb5 f5 4. d3 Nf6 5. Nc3 fxe4 6. dxe4 d6 7. h3 Be6 8. Ng5
Bg8 9. Be3 Be7 10. Qd3 h6 11. Nf3 Be6 12. a3 O-O 13. Bc4 Qd7 14. Nd2 Nh7 15.
Nd5 Kh8 16. h4 Bd8 17. f3 Qf7 18. Nc3 Bxc4 19. Qxc4 Qxc4 20. Nxc4 a6 21. a4 Ne7
22. a5 Ng6 23. Bf2 Nf4 24. g3 Ne6 25. Ke2 Nf6 26. Rad1 Nd7 27. b4 Nb8 28. Nd5
Nc6 29. c3 Rf7 30. Be3 Ne7 31. Bc1 Kh7 32. Nde3 Ng8 33. Rdf1 h5 34. Nd5 Nf6 35.
Kd3 c6 36. Ndb6 Bxb6 37. Nxb6 Rd8 38. Bg5 Kg6 39. f4 Nxg5 40. hxg5 Ng4 41. Nc4
Re7 42. Ne3 Nxe3 43. Kxe3 Rde8 44. f5+ Kxg5 45. c4 Rd7 46. Rh4 d5 47. Rfh1 dxc4
48. Rxh5+ Kf6 49. g4 Red8 50. g5+ Kf7 51. Re1 Rd2 52. Re2 R8d3+ 53. Kf2 Rd1 54.
Rc2 c3 55. Ke2 R1d2+ 56. Rxd2 Rxd2+ 57. Ke3 Rd4 58. Rh2 Rxb4 59. Rc2 Rc4 60.
Kd3 Rc5 61. Rxc3 Rxa5 62. Kc4 Ra4+ 63. Kc5 Rxe4 64. Kd6 g6 65. Rh3 gxf5 66. Rh6
f4 67. Rf6+ Kg7 68. Ke6 Re1 69. Kf5 f3 70. Rd6 f2 71. Rd7+ Kf8 0-1

[Event "MMPONNR"]
[Site "Ogrodniczki k. Bialegostoku"]
[Date "2008.07.23"]
[Round "8.4"]
[White "Gigon, Stanislaw"]
[Black "Cylwik, Zbigniew"]
[Result "0-1"]
[WhiteElo "1953"]
[BlackElo "2089"]
[PlyCount "118"]
[EventDate "2008.??.??"]

1. e4 c5 2. Nc3 e6 3. Nge2 d6 4. g3 Nf6 5. Bg2 Nc6 6. O-O Be7 7. d3 O-O 8. h3
d5 9. exd5 Nxd5 10. Ne4 Bd7 11. a3 Nd4 12. c4 Nxe2+ 13. Qxe2 Nb6 14. Bd2 Bc6
15. b4 Bxe4 16. Qxe4 Rb8 17. b5 Bf6 18. Bf4 e5 19. Be3 Qd6 20. a4 Nd7 21. g4 g6
22. Ra3 Bg7 23. g5 Rfd8 24. a5 Nf8 25. f4 Ne6 26. f5 Nd4 27. fxg6 hxg6 28. Ra2
Nf5 29. Bf2 b6 30. Rd1 Rd7 31. axb6 axb6 32. h4 Nd4 33. Bh3 Ne6 34. Ra6 Re7 35.
Bxe6 Qxe6 36. Kg2 f5 37. gxf6 Qxf6 38. Be3 Rf7 39. Ra2 Qe6 40. Rh1 Rf5 41. Rf2
Rbf8 42. Rhf1 Rxf2+ 43. Rxf2 Rxf2+ 44. Kxf2 Bf8 45. Bg5 Bd6 46. Qa8+ Kf7 47.
Qb7+ Be7 48. Qf3+ Bf6 49. h5 gxh5 50. Qxh5+ Ke7 51. Qh7+ Qf7 52. Qf5 Qe6 53.
Qe4 Qd6 54. Bh4 Qd7 55. Qh7+ Ke6 56. Qg6 Qf7 57. Qg4+ Kd6 58. Qf5 Qe6 59. Qe4
Bg7 0-1

[Event "MMPONNR"]
[Site "Ogrodniczki k. Bialegostoku"]
[Date "2008.07.23"]
[Round "8.6"]
[White "Pela, Edward"]
[Black "Wolski, Jerzy"]
[Result "0-1"]
[WhiteElo "1915"]
[BlackElo "1961"]
[PlyCount "106"]
[EventDate "2008.??.??"]

1. d4 Nf6 2. c4 g6 3. Nc3 Bg7 4. e4 d6 5. Be2 O-O 6. Nf3 e5 7. dxe5 dxe5 8.
Qxd8 Rxd8 9. Nd5 Nxd5 10. cxd5 c6 11. Bc4 b5 12. Bb3 Bb7 13. dxc6 Bxc6 14. Bc2
Na6 15. O-O Nb4 16. Bb1 Nd3 17. Bxd3 Rxd3 18. Re1 Rad8 19. Be3 Bxe4 20. Bg5 f6
21. Rxe4 fxg5 22. h3 h6 23. Rae1 R3d5 24. Nxe5 Re8 25. Ng4 Rxe4 26. Rxe4 Rd1+
27. Kh2 Rd2 28. Re8+ Kf7 29. Ra8 Bd4 30. Nxh6+ Kg7 31. Ng4 Rxb2 32. Rb8 a5 33.
Rb7+ Kf8 34. Rd7 Bxf2 35. Nxf2 Rxf2 36. Rd5 Rf5 37. Rd7 b4 38. Ra7 Rc5 39. Kg3
Ke8 40. Kg4 Kd8 41. Ra6 Ke7 42. Rxg6 Rc2 43. g3 Rxa2 44. Kxg5 b3 45. Rb6 b2 46.
h4 a4 47. h5 a3 48. h6 Ra1 49. h7 Rh1 50. Rh6 Rxh6 51. Kxh6 b1=Q 52. h8=Q Qh1+
53. Kg7 Qxh8+ 0-1

[Event "MMPONNR"]
[Site "Ogrodniczki k. Bialegostoku"]
[Date "2008.07.23"]
[Round "8.7"]
[White "Szydlowski, Wiktor"]
[Black "Jagiela, Piotr"]
[Result "0-1"]
[WhiteElo "1850"]
[BlackElo "1923"]
[PlyCount "136"]
[EventDate "2008.??.??"]

1. e4 c5 2. Nf3 d6 3. g3 Nf6 4. Nc3 e5 5. Bg2 h6 6. d3 Be6 7. O-O Qd7 8. a4 a6
9. Nh4 Nc6 10. a5 Be7 11. f4 exf4 12. Nd5 Bxd5 13. exd5 Nb4 14. c4 g5 15. Nf3
fxg3 16. hxg3 O-O-O 17. Be3 Kb8 18. Qd2 Rhf8 19. b3 Ng4 20. Bh3 f5 21. Bxg4
fxg4 22. Nh2 Bf6 23. Rad1 Be5 24. Kg2 Rde8 25. Rde1 Qg7 26. Rxf8 Rxf8 27. Qe2
h5 28. Bxc5 dxc5 29. Qxe5+ Qxe5 30. Rxe5 Rg8 31. d6 Nxd3 32. Re7 Rd8 33. Rg7
Rxd6 34. Rxg5 Rh6 35. Nf1 Nc1 36. Rxc5 Nxb3 37. Re5 Kc7 38. Ne3 Kc6 39. Nf5 Rh7
40. Ne7+ Kd6 41. Ng6 Rc7 42. Rd5+ Ke6 43. Nf4+ Kf7 44. Rxh5 Rxc4 45. Rh7+ Kg8
46. Rxb7 Rc2+ 47. Kg1 Nxa5 48. Rb8+ Kf7 49. Ra8 Rc6 50. Nd5 Nb3 51. Nb4 Rc1+
52. Kg2 a5 53. Ra7+ Ke6 54. Ra6+ Kf5 55. Nc6 Rc2+ 56. Kf1 Ra2 57. Rb6 a4 58.
Nb4 Rb2 59. Rb8 Ke4 60. Re8+ Kf3 61. Rf8+ Kxg3 62. Nd3 a3 63. Ra8 Rd2 64. Nb4
Rd4 65. Nc2 Rd2 66. Ke1 Rxc2 67. Rxa3 Kf3 68. Ra8 Rc1# 0-1

[Event "MMPONNR"]
[Site "Ogrodniczki k. Bialegostoku"]
[Date "2008.07.23"]
[Round "8.8"]
[White "Krawczyk, Wieslaw"]
[Black "Koszela, Stanislaw"]
[Result "1-0"]
[WhiteElo "2120"]
[BlackElo "1937"]
[PlyCount "63"]
[EventDate "2008.??.??"]

1. e4 d6 2. d4 Nf6 3. Bd3 e5 4. c3 g6 5. f4 exf4 6. Bxf4 Nh5 7. Be3 Qh4+ 8. g3
Qe7 9. Nf3 Nc6 10. Nbd2 Bg7 11. O-O O-O 12. Bg5 Bf6 13. Bxf6 Nxf6 14. Qb3 Rb8
15. Rae1 Bh3 16. Rf2 Ng4 17. Rfe2 Nh6 18. Nh4 Qg5 19. e5 dxe5 20. Ndf3 Qd8 21.
Nxe5 Nxe5 22. Rxe5 Qf6 23. R5e3 g5 24. Rf3 Qc6 25. Be4 Rbe8 26. Bxc6 Rxe1+ 27.
Kf2 Rf1+ 28. Ke2 Rg1 29. Qd5 bxc6 30. Qxg5+ Kh8 31. Qxh6 Re8+ 32. Kd2 1-0

[Event "MMPONNR"]
[Site "Ogrodniczki k. Bialegostoku"]
[Date "2008.07.23"]
[Round "8.9"]
[White "Swiebocki, Jan"]
[Black "Gorski, Jan"]
[Result "0-1"]
[WhiteElo "1997"]
[BlackElo "2100"]
[PlyCount "83"]
[EventDate "2008.??.??"]

1. e4 c5 2. Nc3 Nc6 3. Nf3 g6 4. Bb5 Bg7 5. Bxc6 bxc6 6. O-O d6 7. Re1 e5 8. d3
Ne7 9. Bg5 f6 10. Bd2 Be6 11. b3 h5 12. Rf1 Qd7 13. h3 g5 14. Nh2 Ng6 15. Rb1
Rb8 16. f3 Nf4 17. Bxf4 gxf4 18. Qe1 Bh6 19. Kh1 Qg7 20. Rg1 Qf7 21. Nf1 Rg8
22. Nh2 Bg5 23. Rd1 Ke7 24. Na4 Kf8 25. Nb2 Qd7 26. Qf2 Kf7 27. Nc4 Rg7 28. a4
Rh8 29. Qe1 Rhg8 30. Qf2 Qc7 31. Qe1 Rb8 32. Qf2 Rbg8 33. Ra1 Rb8 34. Nf1 Rbg8
35. Nfd2 Rb8 36. Kh2 Rbg8 37. Rab1 Rb8 38. c3 Rgg8 39. d4 Rb7 40. dxe5 fxe5 41.
Rb2 Rgb8 42. Rgb1 0-1

[Event "MMPONNR"]
[Site "Ogrodniczki k. Bialegostoku"]
[Date "2008.07.23"]
[Round "8.10"]
[White "Koper, Ireneusz"]
[Black "Czech, Jan"]
[Result "1/2-1/2"]
[WhiteElo "2025"]
[BlackElo "1921"]
[PlyCount "62"]
[EventDate "2008.??.??"]

1. e4 c5 2. Nc3 Nc6 3. g3 g6 4. Bg2 Bg7 5. Nge2 d6 6. d3 Nf6 7. h3 O-O 8. Be3
Rb8 9. Qd2 b5 10. O-O Bd7 11. Bh6 b4 12. Nd1 a5 13. Bxg7 Kxg7 14. f4 Ne8 15.
Ne3 f6 16. g4 e5 17. f5 g5 18. Ng3 h6 19. Kf2 Nc7 20. Rh1 Be8 21. h4 Bf7 22.
Rh2 Rh8 23. b3 Qd7 24. Rah1 Nd4 25. Bf3 Nxf3 26. Kxf3 d5 27. hxg5 hxg5 28. Rxh8
Rxh8 29. Rxh8 Kxh8 30. Qh2+ Kg7 31. exd5 Nxd5 1/2-1/2

[Event "MMPONNR"]
[Site "Ogrodniczki k. Bialegostoku"]
[Date "2008.07.23"]
[Round "8.12"]
[White "Przybyl, Jozef"]
[Black "Pilimon, Zbigniew"]
[Result "1-0"]
[WhiteElo "1935"]
[BlackElo "1728"]
[PlyCount "63"]
[EventDate "2008.??.??"]

1. e4 c5 2. Nc3 d6 3. f4 Nc6 4. Nf3 Nf6 5. d3 g6 6. h3 Bg7 7. Ne2 b5 8. g4 h5
9. g5 Nh7 10. Bg2 Rb8 11. O-O e6 12. h4 O-O 13. Ng3 f5 14. gxf6 Bxf6 15. Ng5
Ne7 16. Bh3 Nxg5 17. hxg5 Bd4+ 18. Kh2 h4 19. Ne2 Bg7 20. Qe1 Kf7 21. c3 d5 22.
Be3 dxe4 23. dxe4 Qd3 24. Bxc5 Qxe4 25. Bxa7 Bb7 26. Bxb8 Rxb8 27. Nd4 Bxd4 28.
Qxe4 Bxe4 29. cxd4 Nf5 30. Bxf5 gxf5 31. Kh3 Rd8 32. Rad1 1-0

[Event "MMPONNR"]
[Site "Ogrodniczki k. Bialegostoku"]
[Date "2008.07.23"]
[Round "8.14"]
[White "Muller, Marcin"]
[Black "Dulinski, Stanislaw"]
[Result "0-1"]
[WhiteElo "1735"]
[BlackElo "1851"]
[PlyCount "109"]
[EventDate "2008.??.??"]

1. e4 e5 2. Nf3 Nf6 3. Nc3 Nc6 4. a3 Bc5 5. h3 h6 6. Bc4 O-O 7. d3 a6 8. Bd2 d6
9. Qc1 Kh7 10. O-O Ne7 11. b4 Ba7 12. Be3 b6 13. Kh2 Bb8 14. Rg1 c6 15. Bb3 Be6
16. g4 g5 17. Bxg5 hxg5 18. Qxg5 Ng6 19. Nh4 Nxh4 20. Qxh4+ Kg7 21. Qg5+ Kh8
22. Qh6+ Nh7 23. g5 Bxb3 24. cxb3 Rg8 25. h4 Rg6 26. Qh5 Qg8 27. Rg4 Ra7 28.
Nd1 Re7 29. Ne3 Qd8 30. Rag1 b5 31. R4g2 a5 32. Ng4 Qf8 33. Nf6 Rg7 34. g6 fxg6
35. Rxg6 Rxg6 36. Rxg6 Rg7 37. Rxg7 Qxg7 38. Qe8+ Nf8 39. Qh5+ Nh7 40. Qe8+ Qf8
41. Qxf8+ Nxf8 42. bxa5 Kg7 43. Ng4 Nd7 44. a6 c5 45. b4 c4 46. Kg3 Kg6 47. Ne3
Ba7 48. Nd5 Nb8 49. Kg4 Nxa6 50. Nc3 Nc7 51. f4 exf4 52. Kxf4 Bd4 53. Ne2 Ne6+
54. Kg4 Bb2 55. h5+ 0-1

[Event "MMPONNR"]
[Site "Ogrodniczki k. Bialegostoku"]
[Date "2008.07.24"]
[Round "9.2"]
[White "Cylwik, Zbigniew"]
[Black "Gurbanov, Andrei"]
[Result "1-0"]
[WhiteElo "2089"]
[BlackElo "2181"]
[PlyCount "71"]
[EventDate "2008.??.??"]

1. d4 d5 2. c4 e6 3. Nc3 Nf6 4. Bg5 Be7 5. e3 c6 6. Nf3 O-O 7. Qc2 Nbd7 8. cxd5
exd5 9. Bd3 Re8 10. O-O Nf8 11. Rab1 a5 12. a3 Ne4 13. Bxe7 Qxe7 14. b4 axb4
15. axb4 Bf5 16. Bxe4 Bxe4 17. Nxe4 Qxe4 18. Qc3 Nd7 19. b5 Qe6 20. bxc6 Qxc6
21. Qb3 b6 22. Rfc1 Qa4 23. Qxd5 Rad8 24. Qb5 Qxb5 25. Rxb5 f6 26. g3 Rb8 27.
Rc7 Nf8 28. d5 Ng6 29. Nd4 Ne5 30. Ne6 g5 31. f4 gxf4 32. exf4 Nf7 33. Rc6 Rec8
34. Rbxb6 Ra8 35. Rxc8+ Rxc8 36. d6 1-0

[Event "MMPONNR"]
[Site "Ogrodniczki k. Bialegostoku"]
[Date "2008.07.24"]
[Round "9.3"]
[White "Lipski, Tadeusz"]
[Black "Wolski, Jerzy"]
[Result "1-0"]
[WhiteElo "2140"]
[BlackElo "1961"]
[PlyCount "41"]
[EventDate "2008.??.??"]

1. d4 d5 2. Nc3 Nf6 3. Bg5 e6 4. e4 dxe4 5. Nxe4 Be7 6. Bxf6 Bxf6 7. Nf3 Nc6 8.
c3 O-O 9. Bd3 Bd7 10. Qc2 h6 11. O-O-O Qe7 12. Rde1 Rad8 13. h4 h5 14. Kb1 a5
15. Nfg5 b6 16. Nxf6+ Qxf6 17. Nh7 Qe7 18. Nxf8 Rxf8 19. Qe2 a4 20. Qxh5 f5 21.
d5 1-0

[Event "MMPONNR"]
[Site "Ogrodniczki k. Bialegostoku"]
[Date "2008.07.24"]
[Round "9.4"]
[White "Buzun, Michal"]
[Black "Bieluczyk, Bogdan"]
[Result "0-1"]
[WhiteElo "1896"]
[BlackElo "2233"]
[PlyCount "78"]
[EventDate "2008.??.??"]

1. d4 Nf6 2. Nc3 d5 3. Bg5 Nbd7 4. f3 e6 5. e4 Be7 6. Qd2 h6 7. Bh4 a6 8. O-O-O
b5 9. a3 Nb6 10. exd5 exd5 11. Qe3 O-O 12. Re1 Be6 13. Nh3 Re8 14. Nf4 Bd7 15.
Qf2 g5 16. Qg3 Kf8 17. Bxg5 hxg5 18. Qxg5 Ng8 19. Qh5 Bg5 20. Rxe8+ Bxe8 21. g3
Qf6 22. Kb1 c6 23. h4 Bh6 24. Nfe2 Bd7 25. Bh3 Re8 26. Bxd7 Nxd7 27. f4 Qg6 28.
Qf3 Ngf6 29. Rg1 Qg4 30. Qd3 Ne4 31. Nxe4 Rxe4 32. Rg2 Nf6 33. Rh2 Nh5 34. Ka2
Qe6 35. Qf3 Nf6 36. Kb1 Re3 37. Qf1 Ne4 38. Ka1 Nxg3 39. Rg2 Rxe2 0-1

[Event "MMPONNR"]
[Site "Ogrodniczki k. Bialegostoku"]
[Date "2008.07.24"]
[Round "9.5"]
[White "Jurkiewicz, Krzysztof"]
[Black "Szneider, Kazimierz"]
[Result "1-0"]
[WhiteElo "2188"]
[BlackElo "1956"]
[PlyCount "57"]
[EventDate "2008.??.??"]

1. d4 e6 2. c4 f5 3. Nf3 Nf6 4. Nc3 d5 5. Bf4 c6 6. e3 Be7 7. Bd3 O-O 8. O-O
Bd7 9. Qc2 Be8 10. cxd5 cxd5 11. Qb3 b6 12. Nb5 Bxb5 13. Qxb5 Ne4 14. Rfc1 Bd6
15. Rc2 g5 16. Bxe4 fxe4 17. Bxg5 a6 18. Qb3 Qe8 19. Ne5 Nd7 20. Nxd7 Qxd7 21.
Qxb6 e5 22. Qc6 Qe6 23. dxe5 Rac8 24. Qxd6 Qxd6 25. exd6 Rxc2 26. d7 Rfxf2 27.
d8=Q+ Kg7 28. Qd7+ Kg6 29. Qg4 1-0

[Event "MMPONNR"]
[Site "Ogrodniczki k. Bialegostoku"]
[Date "2008.07.24"]
[Round "9.6"]
[White "Jagiela, Piotr"]
[Black "Krawczyk, Wieslaw"]
[Result "0-1"]
[WhiteElo "1923"]
[BlackElo "2120"]
[PlyCount "124"]
[EventDate "2008.??.??"]

1. c4 b6 2. b3 Bb7 3. Bb2 Nf6 4. Nc3 c5 5. d3 d5 6. cxd5 Nxd5 7. e4 Nf6 8. Nf3
Nbd7 9. Be2 e5 10. O-O Bd6 11. Qd2 h6 12. Nd1 O-O 13. Ne3 g6 14. Nc4 Qe7 15.
Nxd6 Qxd6 16. Qxh6 Nh7 17. Ng5 Nxg5 18. Qxg5 Kg7 19. f4 f6 20. fxe5 Nxe5 21.
Qg3 Rad8 22. Bxe5 fxe5 23. Qe3 Rxf1+ 24. Rxf1 Ba6 25. Rf3 Rh8 26. g4 Qd4 27.
Qxd4 cxd4 28. Bf1 Rc8 29. Rf2 Rc1 30. Rd2 Kh6 31. Kg2 Kg5 32. h3 Bb5 33. Be2
Kf4 34. Kf2 Rh1 35. Bf1 g5 36. Kg2 Rxf1 37. Kxf1 Ke3 38. Ke1 Bxd3 39. h4 gxh4
40. g5 Bxe4 41. Re2+ Kf4 42. Rxe4+ Kxe4 43. g6 h3 44. Kf2 d3 45. g7 d2 46. g8=Q
d1=Q 47. Qh7+ Kf4 48. Qh6+ Kf5 49. Qh7+ Kf6 50. Qh8+ Kf7 51. Qh7+ Ke8 52. Qh8+
Kd7 53. Qxh3+ Kd6 54. Ke3 Qd4+ 55. Ke2 Qb2+ 56. Kd3 Qxa2 57. Qh6+ Kd5 58. Qh1+
Kc5 59. Kc3 Qf2 60. Qb7 Qe3+ 61. Kc2 Kb4 62. Qf7 Qc3+ 0-1

[Event "MMPONNR"]
[Site "Ogrodniczki k. Bialegostoku"]
[Date "2008.07.24"]
[Round "9.7"]
[White "Gorski, Jan"]
[Black "Gigon, Stanislaw"]
[Result "1/2-1/2"]
[WhiteElo "2100"]
[BlackElo "1953"]
[PlyCount "80"]
[EventDate "2008.??.??"]

1. d4 Nf6 2. Nf3 g6 3. c4 c5 4. Nc3 Bg7 5. d5 d6 6. e4 O-O 7. Bd3 Na6 8. O-O
Nc7 9. Re1 a6 10. a4 b6 11. h3 Nd7 12. Bf4 f6 13. Qd2 Ne5 14. Nxe5 fxe5 15. Bh6
Qe8 16. Bxg7 Kxg7 17. Re3 Bd7 18. Qe2 Rb8 19. Rg3 Rf4 20. Ra2 Qf7 21. b3 a5 22.
Qe3 Rf8 23. Re2 Ne8 24. Bc2 Nf6 25. Rf3 Nh5 26. Rxf4 Nxf4 27. Rd2 Qf6 28. Qg3
Nh5 29. Qe3 Qf4 30. Re2 g5 31. Qxf4 gxf4 32. f3 Kf6 33. Kf2 Rg8 34. Re1 Ng7 35.
Bd3 Ne8 36. Bb1 Nc7 37. Nd1 Na6 38. Nb2 Nb8 39. Nd3 Be8 40. Rd1 Nd7 1/2-1/2

[Event "MMPONNR"]
[Site "Ogrodniczki k. Bialegostoku"]
[Date "2008.07.24"]
[Round "9.8"]
[White "Czech, Jan"]
[Black "Flazinski, Jozef"]
[Result "0-1"]
[WhiteElo "1921"]
[BlackElo "2036"]
[PlyCount "78"]
[EventDate "2008.??.??"]

1. e4 c5 2. Nf3 a6 3. d4 cxd4 4. Nxd4 Nf6 5. Nc3 e5 6. Nb3 Bb4 7. Bd3 d5 8. Nd2
Bxc3 9. bxc3 O-O 10. O-O Qc7 11. Bb2 Be6 12. Kh1 Nbd7 13. Qe2 Rac8 14. f3 Nh5
15. g3 Nhf6 16. Kg2 Rfe8 17. a4 Nc5 18. exd5 Nxd5 19. c4 Nb4 20. Ba3 Nbxd3 21.
cxd3 Qd7 22. Bxc5 Bh3+ 23. Kh1 Bxf1 24. Qxf1 Rxc5 25. Ne4 Rc6 26. Rb1 b6 27.
Kg2 Rh6 28. h4 Qxa4 29. Rb2 f5 30. Nf2 Qc6 31. Qa1 a5 32. Rb5 Rhe6 33. Qa2 g6
34. Qe2 e4 35. dxe4 fxe4 36. Nxe4 Rxe4 37. fxe4 Rxe4 38. Qd1 Rd4+ 39. Qf3 Rd2+
0-1

[Event "MMPONNR"]
[Site "Ogrodniczki k. Bialegostoku"]
[Date "2008.07.24"]
[Round "9.9"]
[White "Dulinski, Stanislaw"]
[Black "Koper, Ireneusz"]
[Result "0-1"]
[WhiteElo "1851"]
[BlackElo "2025"]
[PlyCount "167"]
[EventDate "2008.??.??"]

1. e4 c6 2. f4 d5 3. Nc3 dxe4 4. Nxe4 Nf6 5. Nxf6+ gxf6 6. Nf3 Bg4 7. h3 Bxf3
8. Qxf3 e6 9. Bc4 f5 10. c3 Nd7 11. O-O h5 12. d4 Nf6 13. Re1 Be7 14. Re2 Qd6
15. Be3 Rg8 16. Rae1 O-O-O 17. b4 Ne4 18. Bf2 h4 19. Rc2 Rg7 20. Bd3 Nxf2 21.
Qxf2 Rg3 22. Re3 Rdg8 23. Rxg3 Rxg3 24. Qd2 Bd8 25. Rc1 Bc7 26. Rf1 Qd5 27. Rf2
Bd6 28. Bf1 Qe4 29. a4 Qe3 30. b5 Qxd2 31. Rxd2 Rxc3 32. bxc6 Rxc6 33. Rf2 Rc1
34. Kh2 Rd1 35. Bb5 Rxd4 36. g3 hxg3+ 37. Kxg3 a6 38. Be8 f6 39. h4 Kd8 40. Bg6
Rxa4 41. h5 Bf8 42. Re2 Kd7 43. Rd2+ Ke7 44. Rc2 Rd4 45. Rc8 Bh6 46. Re8+ Kd7
47. Rh8 Bxf4+ 48. Kf3 b5 49. Ra8 Ra4 50. Be8+ Kd6 51. Ra7 Ke5 52. Re7 Ra3+ 53.
Kf2 Kd6 54. Rd7+ Kc5 55. Bf7 e5 56. Be6 b4 57. Bxf5 a5 58. Ke2 b3 59. Kd3 Ra1
60. Kc3 a4 61. Be4 Bc1 62. Rd5+ Kb6 63. Rd6+ Kc7 64. Rxf6 b2 65. h6 Bxh6 66.
Kxb2 Re1 67. Bd5 Bc1+ 68. Ka2 a3 69. Rc6+ Kd7 70. Rc2 Bb2 71. Rc4 Kd6 72. Be4
Ra1+ 73. Kb3 Bd4 74. Rc6+ Kd7 75. Ra6 Bb2 76. Bf5+ Ke7 77. Re6+ Kf7 78. Ra6 Rf1
79. Bd3 Rf3 80. Kc2 Rf6 81. Ra7+ Kf8 82. Be4 Rf7 83. Ra6 Rf2+ 84. Kb3 0-1

[Event "MMPONNR"]
[Site "Ogrodniczki k. Bialegostoku"]
[Date "2008.07.24"]
[Round "9.10"]
[White "Koszela, Stanislaw"]
[Black "Pela, Edward"]
[Result "1/2-1/2"]
[WhiteElo "1937"]
[BlackElo "1915"]
[PlyCount "28"]
[EventDate "2008.??.??"]

1. Nf3 Nf6 2. g3 g6 3. Bg2 Bg7 4. O-O O-O 5. c4 c6 6. Nc3 d5 7. cxd5 cxd5 8. d4
Nc6 9. Bd2 Ne4 10. Nxe4 dxe4 11. Ng5 Qxd4 12. Rb1 Qd5 13. Bxe4 Qxa2 14. Qc2 Nd4
1/2-1/2

[Event "MMPONNR"]
[Site "Ogrodniczki k. Bialegostoku"]
[Date "2008.07.24"]
[Round "9.11"]
[White "Przybyl, Jozef"]
[Black "Szydlowski, Wiktor"]
[Result "1/2-1/2"]
[WhiteElo "1935"]
[BlackElo "1850"]
[PlyCount "43"]
[EventDate "2008.??.??"]

1. e4 e5 2. Nc3 Nf6 3. g3 Bc5 4. Bg2 d6 5. Nge2 Nc6 6. O-O a6 7. d3 Ng4 8. Nd5
Ne7 9. Bg5 f6 10. Be3 Nxe3 11. Nxe3 c6 12. c3 O-O 13. d4 Ba7 14. Kh1 Kh8 15.
Qb3 Rb8 16. Rad1 Qc7 17. g4 Ng6 18. Nf5 Bxf5 19. gxf5 Nf4 20. Qc2 Qf7 21. b3 g5
22. fxg6 1/2-1/2

[Event "MMPONNR"]
[Site "Ogrodniczki k. Bialegostoku"]
[Date "2008.07.24"]
[Round "9.12"]
[White "Korycki, Jozef"]
[Black "Wajda, Mariusz"]
[Result "0-1"]
[WhiteElo "1688"]
[BlackElo "1927"]
[PlyCount "62"]
[EventDate "2008.??.??"]

1. e4 c5 2. Nf3 Nc6 3. Bb5 a6 4. Bxc6 dxc6 5. O-O Bg4 6. h3 Bh5 7. d3 Qc7 8.
Be3 e5 9. g4 Bg6 10. Nh4 h5 11. Nxg6 fxg6 12. f4 O-O-O 13. f5 hxg4 14. Qxg4 Nf6
15. Qxg6 Rxh3 16. Bf2 Bd6 17. Kg2 Rdh8 18. Nd2 Nh5 19. Qe6+ Kb8 20. Bg1 Nf4+
21. Rxf4 exf4 22. Nf3 Rg3+ 23. Kf2 c4 24. Rd1 Rhh3 25. Nd4 Bc5 26. Qg8+ Ka7 27.
Qxc4 Qb6 28. Kf1 Rxg1+ 29. Kxg1 Bxd4+ 30. Kg2 Re3 31. Kh1 Qd8 0-1